Prídavný nadstavec na vŕtačku

Bibliographic Details
Other Authors: Záhorec, Milan (Originator, Patent holder)
Format: Book
Language:Slovak
PhysicalDescription:9 s. obr. 30 cm
Published: [Banská Bystrica] Úrad priemyselného vlastníctva SR [2008]
Subjects:

MARC

LEADER 00000cam a2200000 a 4500
001 vtls009816575
003 SK-MaSNL
005 20260331205131.0
008 251120s2008 xo a j f000 0 slo
013 |a 286009  |b xo  |c patent  |d 20080107  |e dátum nadobudnutia účinkov patentu (Vestník ÚPV SR č.: 1/2008)  |d 20071219  |e dátum sprístupnenia patentu 
013 |a 5013-2004  |e číslo prihlášky  |d 20041019  |e dátum podania prihlášky  |d 20060504  |e dátum zverejnenia prihlášky (Vestník ÚPV SR č.: 5/2006) 
015 |a SNBN2015 
035 |a (SVKBBclas03)vtls000281780 
040 |a SNK  |b slo  |c SNK  |e AACR2 
041 0 |a slo 
044 |a xo  |c SK 
072 7 |a 621  |x Strojárstvo  |2 konspekt 
080 |a 621.952  |2 2001 
084 |a B12B 45/00  |2 IPC 
100 1 |a Záhorec, Milan  |4 org  |4 pth  |9 539639 
245 1 0 |a Prídavný nadstavec na vŕtačku  |c Milan Záhorec ; patent. zást. Štefan Kováčik 
260 |a [Banská Bystrica]  |b Úrad priemyselného vlastníctva SR  |c [2008] 
300 |a 9 s.  |b obr.  |c 30 cm 
650 0 7 |a vŕtačky  |2 SVKBBPH  |9 59478 
650 0 7 |a Drills  |2 SNKPHeng  |9 539640 
655 7 |a patenty  |2 SNKPH  |9 177343 
655 7 |a patent licenses  |2 SNKPHeng  |9 303430 
700 1 |a Kováčik, Štefan  |4 oth  |9 11788 
999 |c 831271  |d 833201 
952 |a SNK  |b SNK  |y PREZ  |7 0  |p 17A1161023  |o snkSK 286009  |i snk2015/11666  |8 0  |0 0  |1 0  |4 0  |d 2015-07-15  |l 0  |r 2026-02-24 03:38:08  |w 2026-02-24